[Event "BAN-chT (Women)"]
[Site "Dhaka"]
[Date "2021.09.12"]
[Round "5.3"]
[White "Hamida, Mahmud"]
[Black "Nusrat Jahan, Alo"]
[Result "0-1"]
[WhiteElo "1609"]
[BlackElo "1635"]
[PlyCount "54"]
[EventDate "2021.09.08"]
[EventType "team-tourn"]
[EventRounds "9"]
[EventCountry "BAN"]
[SourceTitle "CBM 204 Extra"]
[Source "ChessBase"]
[SourceDate "2021.11.30"]
[SourceVersion "1"]
[SourceVersionDate "2021.11.30"]
[SourceQuality "1"]
[WhiteTeam "Sonali Bank Sports (W)"]
[BlackTeam "Rupali Bank Krira Parisad (W)"]
[WhiteTeamCountry "BAN"]
[BlackTeamCountry "BAN"]

1. d4 d5 2. e3 Nf6 3. c4 c6 4. Nc3 Bf5 5. Nf3 e6 6. a3 Be7 7. b3 0-0 8. c5 b6 9. b4 a5 10. Bb2 Nbd7 11. Be2 Qc7 12. Nh4 Bg6 13. f4 axb4 14. axb4 Be4 15. Nf3 bxc5 16. bxc5 Qb7 17. Qc1 Ng4 18. Nd1 Rxa1 19. Bxa1 Rb8 20. Bc3 Qa7 21. h3 Rb1 22. Qd2 Nh6 23. 0-0 Nf5 24. Ne5 Nxe5 25. fxe5 Ng3 26. Re1 Bh4 27. Bd3 Ra1 0-1

[Event "BAN-chT (Women)"]
[Site "Dhaka"]
[Date "2021.09.10"]
[Round "3.2"]
[White "Srabonti, Akter Jerin"]
[Black "Hamida, Mahmud"]
[Result "0-1"]
[WhiteElo "1230"]
[BlackElo "1609"]
[PlyCount "46"]
[EventDate "2021.09.08"]
[EventType "team-tourn"]
[EventRounds "9"]
[EventCountry "BAN"]
[SourceTitle "CBM 204 Extra"]
[Source "ChessBase"]
[SourceDate "2021.11.30"]
[SourceVersion "1"]
[SourceVersionDate "2021.11.30"]
[SourceQuality "1"]
[WhiteTeam "Sultana Kamal Smirity Pathagar (W)"]
[BlackTeam "Sonali Bank Sports (W)"]
[WhiteTeamCountry "BAN"]
[BlackTeamCountry "BAN"]

1. e4 d6 2. d4 e6 3. Nf3 Nf6 4. Bg5 Be7 5. Nc3 0-0 6. Be2 c5 7. e5 Nd5 8. Bxe7 Nxc3 9. Bxd8 Nxd1 10. Rxd1 Rxd8 11. dxc5 d5 12. 0-0 b6 13. c4 Bb7 14. cxd5 exd5 15. Bc4 bxc5 16. Rd2 Kf8 17. Bb3 Ke7 18. Rfd1 d4 19. Ng5 f6 20. Ne6 Rc8 21. exf6+ Kxf6 22. Rc2 Nd7 23. a3 Be4 0-1

[Event "BAN-chT (Women)"]
[Site "Dhaka"]
[Date "2021.09.09"]
[Round "2.3"]
[White "Marufa Azad, Sukanna"]
[Black "Hamida, Mahmud"]
[Result "1-0"]
[WhiteElo "1164"]
[BlackElo "1609"]
[PlyCount "25"]
[EventDate "2021.09.08"]
[EventType "team-tourn"]
[EventRounds "9"]
[EventCountry "BAN"]
[SourceTitle "CBM 204 Extra"]
[Source "ChessBase"]
[SourceDate "2021.11.30"]
[SourceVersion "1"]
[SourceVersionDate "2021.11.30"]
[SourceQuality "1"]
[WhiteTeam "Basir Memorial CC (W)"]
[BlackTeam "Sonali Bank Sports (W)"]
[WhiteTeamCountry "BAN"]
[BlackTeamCountry "BAN"]

1. e4 e5 2. Nf3 Nf6 3. Nc3 d6 4. d4 Bg4 5. dxe5 Bxf3 6. gxf3 dxe5 7. Qxd8+ Kxd8 8. Bg5 Nbd7 9. 0-0-0 c6 10. Bxf6+ gxf6 11. Bh3 Bh6+ 12. Kb1 Rf8 13. Rxd7+ 1-0

[Event "Dhaka Arometic (Women) 28th"]
[Site "Dhaka"]
[Date "2007.03.16"]
[Round "11"]
[White "Arjuman, Mimi"]
[Black "Hamida, Mahmud"]
[Result "0-1"]
[WhiteElo "1794"]
[BlackElo "1798"]
[PlyCount "106"]
[EventDate "2007.03.05"]
[EventType "tourn"]
[EventRounds "11"]
[EventCountry "BAN"]
[SourceTitle "EXT 2024"]
[Source "ChessBase"]
[SourceDate "2023.10.10"]
[SourceVersion "1"]
[SourceVersionDate "2023.10.10"]
[SourceQuality "1"]

1. e4 c5 2. Nc3 d6 3. g3 g6 4. Bg2 Bg7 5. f4 Nc6 6. d3 e6 7. Be3 Nge7 8. Nf3 Rb8 9. 0-0 0-0 10. Qd2 Nd4 11. Nd1 b5 12. c3 Nxf3+ 13. Bxf3 Qc7 14. Bg2 Bd7 15. Qf2 a5 16. Rc1 Bc6 17. e5 dxe5 18. fxe5 Bxg2 19. Kxg2 Bxe5 20. Bxc5 Bd6 21. Be3 Nf5 22. Bd2 Qb7+ 23. Kg1 e5 24. g4 Ng7 25. Bh6 f5 26. gxf5 Rxf5 27. Qe2 Rxf1+ 28. Qxf1 Rf8 29. Qe2 Bc5+ 30. Be3 Be7 31. Bf2 Qc7 32. Ne3 Bc5 33. d4 Bxd4 34. Qxb5 Bxe3 35. Bxe3 Nh5 36. Qd5+ Kg7 37. c4 Nf6 38. Qg2 h5 39. Bg5 Qc5+ 40. Kh1 Ng4 41. h3 Nf2+ 42. Kh2 e4 43. Rf1 Qe5+ 44. Qg3 Qxb2 45. Kg1 Rf3 46. Qc7+ Rf7 47. Bh6+ Kg8 48. Qc8+ Kh7 49. Be3 Qe5 50. Bxf2 e3 51. Be1 Qg5+ 52. Kh2 Rxf1 53. Bg3 Qe7 0-1

[Event "Dhaka Arometic (Women) 28th"]
[Site "Dhaka"]
[Date "2007.03.05"]
[Round "1"]
[White "Hamida, Mahmud"]
[Black "Kiswara, Shajrin Evana"]
[Result "1-0"]
[WhiteElo "1798"]
[BlackElo "1795"]
[PlyCount "147"]
[EventDate "2007.03.05"]
[EventType "tourn"]
[EventRounds "11"]
[EventCountry "BAN"]
[SourceTitle "EXT 2024"]
[Source "ChessBase"]
[SourceDate "2023.10.10"]
[SourceVersion "1"]
[SourceVersionDate "2023.10.10"]
[SourceQuality "1"]

1. d4 d5 2. Nf3 Nf6 3. c3 e6 4. g3 Be7 5. Bg2 Nbd7 6. 0-0 0-0 7. Nbd2 c5 8. b3 Rb8 9. e3 b5 10. Qc2 a5 11. a4 b4 12. dxc5 Bxc5 13. cxb4 Bxb4 14. Ba3 Ba6 15. Rfc1 Rc8 16. Qb2 Qb6 17. Rab1 Rxc1+ 18. Rxc1 Nc5 19. Bxb4 Qxb4 20. Qd4 Rc8 21. Qxb4 axb4 22. Bf1 Bxf1 23. Kxf1 Nfd7 24. Ke2 Ra8 25. Nd4 Ra6 26. Ra1 Nb7 27. Kd3 Ndc5+ 28. Ke2 Na5 29. Rc1 Nab7 30. f4 g6 31. N2f3 Ne4 32. Rc8+ Kg7 33. Ne5 Nc3+ 34. Kd3 Rb6 35. Rc7 Nd6 36. Nd7 Rb7 37. Rxb7 Nxb7 38. Nc6 Na2 39. a5 Nd6 40. a6 Nb5 41. a7 Nc7 42. Nb6 Kf8 43. a8Q+ Nxa8 44. Nxa8 Ke8 45. Nb6 Nc1+ 46. Kc2 Na2 47. Kd2 f6 48. g4 h6 49. h4 Kf7 50. Na4 Ke8 51. Nc5 Kf7 52. Nd3 Nc3 53. Ncxb4 Nb5 54. Nc6 Ke8 55. Nc5 Kf7 56. Kd3 Nd6 57. b4 Nb5 58. Nd8+ Ke7 59. Ndxe6 Kd6 60. Nf8 g5 61. hxg5 hxg5 62. f5 Ke5 63. Ng6+ Kd6 64. e4 Nc7 65. Kd4 Nb5+ 66. Kd3 Nc7 67. Ke3 Ne8 68. Kd4 Nc7 69. exd5 Nxd5 70. b5 Nb6 71. Ne4+ Kd7 72. Nxf6+ Kd6 73. Nh7 Nd7 74. Nxg5 1-0